|
|
|
|
| LEADER |
01666nam a2200337 a 4500 |
| 001 |
37362 |
| 003 |
BD-DhAAL |
| 008 |
210103t20092016ii b|||| |||| 001 0 eng d |
| 999 |
|
|
|c 42226
|d 42226
|
| 020 |
|
|
|a 9780199476299
|
| 020 |
|
|
|a 0199476292
|
| 040 |
|
|
|a BD-DhAAL
|
| 082 |
|
|
|a 621.381
|2 23
|
| 100 |
|
|
|a Sedra, Adel S.
|9 40618
|
| 245 |
|
|
|a Microelectronic circuits :
|b theory and applications /
|c Adel S. Sedra and Kenneth C. Smith
|
| 250 |
|
|
|a Seventh edition
|
| 260 |
|
|
|a New Delhi :
|b Oxford University Press,
|c c2016.
|
| 300 |
|
|
|a xxiii, 1297 pages :
|b illustrations ;
|c 27 cm.
|
| 490 |
|
|
|a The Oxford series in electrical and computer engineering
|
| 504 |
|
|
|a Includes bibliographical references and index.
|
| 526 |
|
|
|a CSE
|
| 541 |
|
|
|a Book Finder International
|e 37362, 37363, 37364
|
| 650 |
|
|
|a Electronic circuits.
|9 40619
|
| 650 |
|
|
|a Integrated circuits.
|9 40620
|
| 650 |
|
|
|a Computer science.
|9 42601
|
| 700 |
|
|
|a Smith, Kenneth C.
|9 40621
|
| 852 |
|
|
|a Ayesha Abed Library
|c General stacks
|
| 942 |
|
|
|2 ddc
|c BK
|
| 952 |
|
|
|0 0
|1 0
|2 ddc
|4 0
|6 621_381000000000000_SED
|7 0
|9 68204
|a BRACUL
|b BRACUL
|c GEN
|d 2020-03-16
|e 71
|g 1285.75
|l 13
|m 137
|o 621.381 SED
|p 3010037364
|r 2026-04-08
|s 2026-03-04
|t 3
|v 1285.75
|w 2020-03-16
|y BK
|
| 952 |
|
|
|0 0
|1 0
|2 ddc
|4 0
|6 621_381000000000000_SED
|7 0
|9 68205
|a BRACUL
|b BRACUL
|c GEN
|d 2020-03-16
|e Book Finder International
|g 1285.75
|l 8
|m 88
|o 621.381 SED
|p 3010037363
|q 2026-06-02
|r 2026-02-01
|s 2026-02-01
|t 2
|v 1285.75
|w 2020-03-16
|y BK
|
| 952 |
|
|
|0 0
|1 0
|2 ddc
|4 0
|6 621_381000000000000_SED
|7 0
|9 68206
|a BRACUL
|b BRACUL
|c GEN
|d 2020-03-16
|e Book Finder International
|g 1285.75
|l 10
|m 119
|o 621.381 SED
|p 3010037362
|r 2026-04-23
|s 2026-04-19
|t 1
|v 1285.75
|w 2020-03-16
|y BK
|